00365nam a2200145Ia 4500003000400000008004100004040001600045082001300061100002100074245004700095260003000142300001000172650001500182650002200197GCL140319s9999 xx 000 0 eng d aGCL / cGCL04a843bO G1 aD'ORMESSON, JEAN10aGARCON DE QUOI ECRIRE / cD'ORMESSON, JEAN a[S.N] : bFOLIO ، c1991 a407 P04aLITERATURE04aFRENCH LITERATURE